000 00904nam a22002897a 4500
003 CHAP
005 20220329141712.0
008 971013s1956 r 00010 d
010 _a72484
011 _a73456
035 _a83013
040 _cCHAP
082 _a633.2
_bA45 1956
100 0 0 _aAhlgren, Gilbert Harold.
_93090
245 _aForage crops
250 _a2 ed.
260 _aNew York :
_bMcGraw-Hill,
_c1956
300 _a536 p.
_b: ilus.
590 _aBATCH-UPD
_b10
_c20130110
_lUCH01
_h0009
590 _aCONVERSION
_b10
_c20130109
_lUCH01
_h1340
650 1 4 _aPlantas forrajeras
_xE.U.A.
_988957
901 _aBK
942 _cLIBRO
949 _a633.2 A45 1956
_bBC
_cLIBRO
_d33724000197869
_eLIBRO
_fc.3
_h22321
_i83013
_si
949 _a633.2 A45 1956
_bBC
_cLIBRO
_d33724000197877
_eLIBRO
_fc.2
_h22320
_i83013
_si
949 _a633.2 A45 1956
_bBC
_cLIBRO
_d33724000197885
_eLIBRO
_h22319
_i83013
_si
999 _c72484
_d72484